000
00299nam a22001337a 4500
008
170303b xxu||||| |||| 00| 0 eng d
020
_a
9780071471831
041
_a
eng
080
_2
3 ED
_a
575
100
_a
6
101
_a
SHM
245
_a
BIOCHEMISTRY AND GENETICS
_c
WILSON.G.N
942
_2
udc
_c
BK
999
_c
6767
_d
6767